000
00316nam a2200121Ia 4500
008
191201s2014 xx 000 0 und d
100
_a
VARSHNEY, R.S.
245
0
_a
Theory and Design of Irrigation Structures Vol. 2
260
_a
N. Delhi
_b
Nem Chand
_c
2014
300
_a
784
650
_a
B.Tech(CE)
942
_2
ddc
_c
BK
999
_c
6506
_d
6506